| 000 | 00816nam a22001937a 4500 | ||
|---|---|---|---|
| 003 | OSt | ||
| 005 | 20260128142718.0 | ||
| 008 | 260123b |||||||| |||| 00| 0 eng d | ||
| 020 | _a9789392019289 | ||
| 041 | _aEng | ||
| 082 | _a616.7368/NAI | ||
| 100 |
_aNaik Kanchana _9216459 |
||
| 245 | _aA Comprehensive Textbook Of Child Health Nursing (Pediatric Nursing (5th And 6th Semester) | ||
| 260 |
_aJaipur _bPublisher: BOOKERA |
||
| 300 | _a868 P | ||
| 500 | _ahow to describe the principles of child health nursing and perform child health nursing procedures and how to demonstrate competencies in newborn assessment, planning and implementation of care to normal and high-risk newborn including neonatal resuscitation, child CPR and much more. | ||
| 610 |
_aChild Health Nursing _9216460 |
||
| 942 |
_2ddc _cDB |
||
| 999 |
_c370111 _d370111 |
||